Латинский язык: учебное пособие
| Müşterek Yazar: | |
|---|---|
| Diğer Yazarlar: | |
| Özet: | Заглавие с титульного экрана Электронная версия печатной публикации В пособии содержатся сведения по фонетике и грамматике латинского языка. К каждому уроку прилагается лексический минимум. В работу также включены упражнения для закрепления материала по основным разделам. В приложении даны краткие латинские изречения, а также латинско-русский словарь. Предназначено для студентов 1 курса специальности "Перевод и переводоведение". Режим доступа: из корпоративной сети ТПУ |
| Dil: | Rusça |
| Baskı/Yayın Bilgisi: |
Томск, Изд-во ТПУ, 2013
|
| Konular: | |
| Online Erişim: | http://www.lib.tpu.ru/fulltext2/m/2014/m103.pdf |
| Materyal Türü: | MixedMaterials Elektronik Kitap |
| KOHA link: | https://koha.lib.tpu.ru/cgi-bin/koha/opac-detail.pl?biblionumber=256761 |
MARC
| LEADER | 00000nlm0a2200000 4500 | ||
|---|---|---|---|
| 001 | 256761 | ||
| 005 | 20231101233137.0 | ||
| 035 | |a (RuTPU)RU\TPU\book\279504 | ||
| 090 | |a 256761 | ||
| 100 | |a 20140411d2013 m y0rusy50 ca | ||
| 101 | 0 | |a rus | |
| 102 | |a RU | ||
| 105 | |a a j 001zy | ||
| 135 | |a drcn ---uucaa | ||
| 181 | 0 | |a i | |
| 182 | 0 | |a b | |
| 200 | 1 | |a Латинский язык |b Электронный ресурс |e учебное пособие |f Национальный исследовательский Томский политехнический университет (ТПУ) ; сост. М. Г. Волкова | |
| 203 | |a Текст |c электронный | ||
| 210 | |a Томск |c Изд-во ТПУ |d 2013 | ||
| 230 | |a 1 компьютерный файл (pdf; 1.4 MB) | ||
| 300 | |a Заглавие с титульного экрана | ||
| 300 | |a Электронная версия печатной публикации | ||
| 330 | |a В пособии содержатся сведения по фонетике и грамматике латинского языка. К каждому уроку прилагается лексический минимум. В работу также включены упражнения для закрепления материала по основным разделам. В приложении даны краткие латинские изречения, а также латинско-русский словарь. Предназначено для студентов 1 курса специальности "Перевод и переводоведение". | ||
| 333 | |a Режим доступа: из корпоративной сети ТПУ | ||
| 337 | |a Adobe Reader | ||
| 606 | 1 | |a Латинский язык |2 stltpush |3 (RuTPU)RU\TPU\subj\39876 |9 59775 | |
| 610 | 1 | |a электронный ресурс | |
| 610 | 1 | |a учебные пособия | |
| 610 | 1 | |a труды учёных ТПУ | |
| 610 | 1 | |a латинский язык | |
| 610 | 1 | |a алфавит | |
| 610 | 1 | |a произношение | |
| 610 | 1 | |a ударения | |
| 610 | 1 | |a фонетика | |
| 610 | 1 | |a грамматика | |
| 610 | 1 | |a лексика | |
| 610 | 1 | |a латинские изречения | |
| 610 | 1 | |a афоризмы | |
| 610 | 1 | |a части речи | |
| 686 | |a Ш146 |v LBC/SL-A |2 rubbk | ||
| 702 | 1 | |a Волкова |b М. Г. |c лингвист |c доцент Томского политехнического университета, кандидат филологических наук |f 1977- |g Марина Геннадьевна |2 stltpush |3 (RuTPU)RU\TPU\pers\32146 |4 220 | |
| 712 | 0 | 2 | |a Национальный исследовательский Томский политехнический университет (ТПУ) |b Институт международного образования и языковой коммуникации (ИМОЯК) |b Кафедра лингвистики и переводоведения (ЛиП) |h 3503 |2 stltpush |3 (RuTPU)RU\TPU\col\18972 |
| 801 | 1 | |a RU |b 63413507 |c 20140411 | |
| 801 | 2 | |a RU |b 63413507 |c 20160616 |g RCR | |
| 856 | 4 | |u http://www.lib.tpu.ru/fulltext2/m/2014/m103.pdf | |
| 942 | |c CF | ||